| 000 | 00575nam a2200145 4500 | ||
|---|---|---|---|
| 999 |
_c16011 _d16011 |
||
| 008 | 210204b ||||| |||| 00| 0 eng d | ||
| 022 | _a0732-8435 | ||
| 082 | _aDPer 657.05 C33 Feb - Aug 2012, v. 82 | ||
| 100 |
_aFriedman, Jack P. _942930 |
||
| 245 |
_aOffers as market value in an estate tax matter: _ba better indicator than the traditional appraisal methodology/ _cJack P. Friedman. |
||
| 260 |
_aNew York: _bThe New York State Society of CPA, _c©2012. |
||
| 300 |
_av82 n6, pages 50-53: _bcolor illustration; _c28 cm. |
||
| 650 |
_aTaxation. _942931 |
||
| 942 |
_2ddc _cPER |
||